<?xml version="1.0" encoding="UTF-8"?>
<record
    xmlns:xsi="http://www.w3.org/2001/XMLSchema-instance"
    xsi:schemaLocation="http://www.loc.gov/MARC21/slim http://www.loc.gov/standards/marcxml/schema/MARC21slim.xsd"
    xmlns="http://www.loc.gov/MARC21/slim">

  <leader>01710nam a22002897a 4500</leader>
  <datafield tag="999" ind1=" " ind2=" ">
    <subfield code="c">22134</subfield>
    <subfield code="d">22134</subfield>
  </datafield>
  <controlfield tag="003">AR-CdUCM</controlfield>
  <controlfield tag="008">190605b           ||||| |||| 00| 0 spa d</controlfield>
  <datafield tag="040" ind1=" " ind2=" ">
    <subfield code="a">MUNICIPALIDAD PROVINCIAL DEL CUSCO</subfield>
    <subfield code="c">BIBLIOTECA MUNICIPAL DEL CUSCO</subfield>
  </datafield>
  <datafield tag="082" ind1=" " ind2=" ">
    <subfield code="a">Tarea/N&#xB0;3/1980</subfield>
  </datafield>
  <datafield tag="245" ind1=" " ind2=" ">
    <subfield code="a">Tarea :</subfield>
    <subfield code="b">revista de cultura /</subfield>
    <subfield code="c">Centro de Publicaciones Educativas Tarea</subfield>
  </datafield>
  <datafield tag="260" ind1=" " ind2=" ">
    <subfield code="a">Cusco.</subfield>
    <subfield code="b">Per&#xFA; graph,</subfield>
    <subfield code="c">1980.</subfield>
  </datafield>
  <datafield tag="300" ind1=" " ind2=" ">
    <subfield code="a">72 p&#xE1;ginas. :</subfield>
    <subfield code="b">ilustraciones ;</subfield>
    <subfield code="c">30 cm.</subfield>
  </datafield>
  <datafield tag="440" ind1=" " ind2=" ">
    <subfield code="a">Tarea.</subfield>
    <subfield code="n">N&#xB0;3, diciembre de 1980.</subfield>
    <subfield code="9">47513</subfield>
  </datafield>
  <datafield tag="505" ind1=" " ind2=" ">
    <subfield code="a">Contenido: T&#xFA;pac Amaru en la historia. -- T&#xFA;pac Amaru y el campesinado ind&#xED;gena en el contexto de la historia colonial. J&#xFC;rgen Golte. -- T&#xFA;pac Amaru y los conflictos en el mundo andino. Manuel Buega, Alberto Flores Galindo, Jan Szeminski. -- La memoria literaria de T&#xFA;pac Amaru. Manuel J. Baquerizo. -- Clases sociales y problema nacional en el Per&#xFA; entre los siglos XVII-XX. Alfredo Torero. -- Pueblos nativos de la Selva. -- Nosotros los Aguarunas. Evaristo Nugkuag. -- El mito de Inkarri y sus interpretaciones. Santiago L&#xF3;pez. -- Inocencio Mamani, su vida, su obra. Omar Aramayo. -- La poes&#xED;a quechua actual en el Per&#xFA;. J. Barquero. -- A nuestro padre creador T&#xFA;pac Amaru. Jos&#xE9; Mar&#xED;a Arguedas. -- Campesinado y Cine nacional. Rodolfo Pereyra.
</subfield>
  </datafield>
  <datafield tag="650" ind1=" " ind2=" ">
    <subfield code="a">T&#xFA;pac Amaru</subfield>
    <subfield code="9">623</subfield>
  </datafield>
  <datafield tag="650" ind1=" " ind2=" ">
    <subfield code="a">Amazonia</subfield>
    <subfield code="9">3433</subfield>
  </datafield>
  <datafield tag="650" ind1=" " ind2=" ">
    <subfield code="a">Literatura</subfield>
    <subfield code="9">47514</subfield>
  </datafield>
  <datafield tag="650" ind1=" " ind2=" ">
    <subfield code="a">Tradici&#xF3;n oral</subfield>
    <subfield code="9">2031</subfield>
  </datafield>
  <datafield tag="700" ind1=" " ind2=" ">
    <subfield code="a">Golte, J&#xFC;rgen</subfield>
    <subfield code="9">46</subfield>
  </datafield>
  <datafield tag="700" ind1=" " ind2=" ">
    <subfield code="a">Buega, Manuel</subfield>
    <subfield code="9">47515</subfield>
  </datafield>
  <datafield tag="700" ind1=" " ind2=" ">
    <subfield code="a">Flores Galindo, Alberto</subfield>
    <subfield code="9">2837</subfield>
  </datafield>
  <datafield tag="700" ind1=" " ind2=" ">
    <subfield code="a">Aramayo, Omar</subfield>
    <subfield code="9">17181</subfield>
  </datafield>
  <datafield tag="700" ind1=" " ind2=" ">
    <subfield code="a">Arguedas, Jos&#xE9; Mar&#xED;a</subfield>
    <subfield code="9">790</subfield>
  </datafield>
  <datafield tag="710" ind1=" " ind2=" ">
    <subfield code="a">Centro de Publicaciones Educativas Tarea</subfield>
    <subfield code="9">47516</subfield>
  </datafield>
  <datafield tag="942" ind1=" " ind2=" ">
    <subfield code="2">ddc</subfield>
    <subfield code="c">PP</subfield>
  </datafield>
  <datafield tag="945" ind1=" " ind2=" ">
    <subfield code="a">vhl</subfield>
  </datafield>
  <datafield tag="952" ind1=" " ind2=" ">
    <subfield code="0">0</subfield>
    <subfield code="2">ddc</subfield>
    <subfield code="4">0</subfield>
    <subfield code="7">0</subfield>
    <subfield code="a">HEM</subfield>
    <subfield code="b">HEM</subfield>
    <subfield code="c">CART</subfield>
    <subfield code="d">2022-03-10</subfield>
    <subfield code="g">5.00</subfield>
    <subfield code="o">Tarea/N&#xB0;3/1980</subfield>
    <subfield code="p">REVC000654</subfield>
    <subfield code="r">2022-03-10</subfield>
    <subfield code="y">PP</subfield>
  </datafield>
</record>
